E-Learning and the science of instruction: proven guidelines for consumers and designers of multimedia learning

Uloženo v:
Podrobná bibliografie
Hlavní autor: Clark, Ruth Colvin (Autor)
Další autoři: Mayer, Richard E. (autor)
Médium: Kniha
Jazyk:angličtina
Vydáno: Hoboken John Wiley and Sons 2016
Vydání:4a. ed
Témata:
Tagy: Přidat tag
Žádné tagy, Buďte první, kdo vytvoří štítek k tomuto záznamu!

MARC

LEADER 00000cam a2200000 a 4500
001 UCD7275
003 CL-VaPUC
008 170317e20160000us |||||||||||||||||eng|d
020 |a 9781119158660 
082 0 4 |a 371.334  |b CLA  |2 21 
100 0 |a Clark, Ruth Colvin  |e author  |9 591236 
700 |a Mayer, Richard E.  |e autor  |9 594243 
245 1 0 |a E-Learning and the science of instruction: proven guidelines for consumers and designers of multimedia learning 
250 |a 4a. ed 
300 |a 510 p 
942 |c BK 
945 |d 20170317 22:16:00  |a dcastane 
260 |a Hoboken  |b John Wiley and Sons  |c 2016 
650 0 |a Métodos de enseñanza  |9 270413 
650 7 |a INSTRUCCION Y ENSEÑANZA  |2 CL-VaPUC  |9 542398 
650 0 |a Planificación de la educación   |9 307333 
650 0 |a E- learning   |9 484771 
583 |a last modification  |c 20170317 22:16:00  |k Rodrigo Vera 
999 |c 367337  |d 367335 
952 |0 0  |1 0  |3 erd  |4 0  |6 371_334000000000000_CLA_2016  |7 0  |8 A  |9 482167  |a BIBMAT  |b BIBMAT  |c E_DIDACT  |i 5366801  |o 371.334 CLA 2016  |p 5366801  |r 2025-01-07  |w 2019-11-24  |y BK  |z Catalogado en:20170317  |k MAT